Histoire du drapeau de Brunei - Statistiques

Statistiques générales
  • Ce quiz a été pris 57 fois
  • Le résultat moyen est 3 sur 5
Statistiques - réponses
Hint Réponse % Correct
Occupation japonaise de Bornéo (1941-1945)
87%
Administration militaire britannique de Bornéo (1945-1946)
72%
Deuxième drapeau du protectorat britannique de Brunei (1959-1984) et drapeau de Brunei (drapeau actuel depuis 1984)
64%
Empire de Brunei (1368-1888)
62%
Premier drapeau du protectorat britannique de Brunei (1906-1941 et 1946-1959)
18%
Aucun quiz correspondant
Distribution des résultats
% des personnes avec chaque résultat
Percentile par nombre de réponses
Votre historique - résultats
Vous n’avez pas pris ce quiz